000 00807nam a2200253Ia 4500
003 OSt
005 20220927112116.0
006 a|||||r|||| 00| 0
007 ta
008 220926b |||||||| |||| 00| 0 eng d
024 _a106632
037 _cReports
040 _aRTL
_cRTL
_beng
041 _2eng
_aeng
082 _a"X9(J389).8.N76t, L7"
110 _a"Australia, Dried Fruit Research Committee"
_9383124
245 0 _aAnnual report
260 _aCanberra
_bGovt Press
_c1977
490 _v1976
_a"Parliamment Of The Commonwealth Of Australiam, Parlimentary Paper. 291"
650 _aAgriculture Industry - Wheat
700 _a"Australia, Dried Fruit Research Committee"
_9383125
942 _h"X9(J389).8.N76t, L7"
_cCC
999 _c699812
_d699812